HOW TO ENGAGE INVOLVE AND MOTIVATE EMPLO (Record no. 32657)

MARC details
000 -LEADER
fixed length control field 00337nam a2200133Ia 4500
008 - FIXED-LENGTH DATA ELEMENTS--GENERAL INFORMATION
fixed length control field 240624s9999 xx 000 0 und d
041 ## - LANGUAGE CODE
Language code of text/sound track or separate title eng
082 ## - DEWEY DECIMAL CLASSIFICATION NUMBER
Classification number 658.314 ALL
100 ## - MAIN ENTRY--PERSONAL NAME
Personal name ALLEN JANIS
245 ## - TITLE STATEMENT
Title HOW TO ENGAGE INVOLVE AND MOTIVATE EMPLO
260 ## - PUBLICATION, DISTRIBUTION, ETC.
Date of publication, distribution, etc. 2017
Place of publication, distribution, etc. USA
Name of publisher, distributor, etc. CRC Press
300 ## - PHYSICAL DESCRIPTION
Extent xviii,164P. 23cm.
365 ## - TRADE PRICE
Currency code BPS
Price amount 33
Holdings
Withdrawn status Lost status Damaged status Not for loan Home library Current library Shelving location Date acquired Full call number Barcode Date last seen Copy number Price effective from Koha item type
        IMTN IMTN Rack 26-A 01/07/2022 658.314 ALL 32657 06/24/2024 104.6 06/24/2024 Books
Designed & Maintained by: LRC IMT Nagpur Contact: lrc@imtnag.ac.in© 2024. All Rights Reserved.